00420nam a2200181Ia 4500008004100000020001800041050001400059100001600073245001400089245003400103260001500137260001600152260000900168300001600177300002700193300001000220500000800230170918s9999 xx 000 0 und d a9780545449311 bR588 2011 aRipken, Cal aHothead / cCal Ripken and Kevin Cowherd. aNew York : bScholastic, c2011 a135 pages : bcolored illustration ; c19cm. a810